<?xml version="1.0" encoding="UTF-8"?>
<record
    xmlns:xsi="http://www.w3.org/2001/XMLSchema-instance"
    xsi:schemaLocation="http://www.loc.gov/MARC21/slim http://www.loc.gov/standards/marcxml/schema/MARC21slim.xsd"
    xmlns="http://www.loc.gov/MARC21/slim">

  <leader>00988nam  2200157   4500</leader>
  <controlfield tag="001">5644</controlfield>
  <datafield tag="090" ind1=" " ind2=" ">
    <subfield code="a">5644</subfield>
  </datafield>
  <datafield tag="100" ind1=" " ind2=" ">
    <subfield code="a">20190729k        u||y0frey50      ba</subfield>
  </datafield>
  <datafield tag="101" ind1=" " ind2=" ">
    <subfield code="a">fre</subfield>
  </datafield>
  <datafield tag="200" ind1=" " ind2=" ">
    <subfield code="a">Bulletin de liaison des Comit&#xE9;s de Luttes Lyc&#xE9;ennes (CLL)</subfield>
    <subfield code="b">Brochure</subfield>
    <subfield code="f">Centre de luttes lyc&#xE9;ennes</subfield>
  </datafield>
  <datafield tag="210" ind1=" " ind2=" ">
    <subfield code="a">Paris, France</subfield>
    <subfield code="c">Centre de luttes lyc&#xE9;ennes</subfield>
    <subfield code="d">[1971]</subfield>
  </datafield>
  <datafield tag="330" ind1=" " ind2=" ">
    <subfield code="a">&#xAB; Ce bulletin du Centre de luttes lyc&#xE9;ennes fait le point sur le mouvement d'ensemble qui a touch&#xE9; les lyc&#xE9;es de Paris et de province ces derniers mois. Il fait suite au stage national qui a regroup&#xE9; pendant les vacances de P&#xE2;ques des camarades lyc&#xE9;ens des villes suivantes: Toulouse, Lyon, Boulogne sur mer, Limoges, Caen, Thionville, Lille, Auxerre, Besan&#xE7;on, Brest, Blois, Rennes, Elbeuf, Le Havre, ainsi que des camarades des lyc&#xE9;es de la r&#xE9;gion parisienne. &#xBB; (Extrait de l'introduction)</subfield>
  </datafield>
  <datafield tag="606" ind1=" " ind2=" ">
    <subfield code="9">559</subfield>
    <subfield code="a">Luttes &#xE9;tudiantes</subfield>
  </datafield>
  <datafield tag="607" ind1=" " ind2=" ">
    <subfield code="9">521</subfield>
    <subfield code="a">France</subfield>
  </datafield>
  <datafield tag="710" ind1=" " ind2=" ">
    <subfield code="9">6355</subfield>
    <subfield code="a">Centre de luttes lyc&#xE9;ennes</subfield>
  </datafield>
  <datafield tag="801" ind1=" " ind2=" ">
    <subfield code="a">CH</subfield>
    <subfield code="b">CH-002049-8</subfield>
  </datafield>
  <datafield tag="995" ind1=" " ind2=" ">
    <subfield code="1">0</subfield>
    <subfield code="2">0</subfield>
    <subfield code="3">0</subfield>
    <subfield code="5">2025-10-30</subfield>
    <subfield code="9">6507</subfield>
    <subfield code="b">ARCHIC</subfield>
    <subfield code="c">ARCHIC</subfield>
    <subfield code="e">Brochures</subfield>
    <subfield code="f">7404</subfield>
    <subfield code="h">Lucile Hanouz</subfield>
    <subfield code="k">Broch 2439</subfield>
    <subfield code="o">1</subfield>
  </datafield>
</record>
